000 00992nam a2200325Ia 4500
003 OSt
005 20221006155849.0
006 a|||||r|||| 00| 0
007 ta
008 221006b |||||||| |||| 00| 0 eng d
020 _a0870115227
_c¥2079
020 _a4770010184
024 _a43,704
037 _bGift, Japan Foundation
_cTextual
040 _aEASL
_cEASL
_beng
041 _2eng
_aeng
082 _aX8(D51):8.42, M2
100 _aSakiya Tetsuo
_9670685
245 0 _aHonda Motor
_b The men the management the machines
260 _aTokyo
_bKodansha International Japan
_c1982
300 _a242p.
_ccm.
490 _v JEL
650 _a Fujisawa Takeo
_9670686
650 _a Honda Soichiro
_9670687
650 _a JEL
650 _aHonda Giken Kogyo Kabushiki Kaisha
_9670688
700 _a Ikemi Kiyoshi Tr.
_9670689
942 _hX8(D51):8.42, M2
_cTEXL
_2CC
999 _c1111790
_d1111790